000 00486nam a2200193Ia 4500
005 20220519114455.0
008 131103s9999 xx 000 0 und d
020 _a0671663623 pbk
040 _aLoreto College
041 _aEnglish
082 _aF
_bJHA
100 _aJhabvala,Ruth Prawer
245 _aThree Continents
_cRuth Prawer Jhabvala
260 _aNew York
_bA Fireside Book
_c1987
300 _a384 p.
650 _aFiction in English
850 _aLCLIB
942 _cBK
999 _c14618
_d65097